Science Quiz

Random Science or Biology Quiz

Anatomy of the Brain Quiz Stats

 Plays Quiz Updated Mar 30, 2016

Challenge
Share
Tweet
Score 0/18 Timer 05:00
37 Plays Today
% Correct
cerebellum
86.9%
frontal lobe
83.7%
occipital lobe
75.4%
pons
73.5%
parietal lobe
70.3%
medulla oblongata
69.4%
hypothalamus
67.6%
thalamus
62%
pituitary
61.6%
% Correct
corpus callosum
56.1%
midbrain
48.7%
cerebral aqueduct
26.4%
vermis
24.4%
infundibulum
17.9%
choroid plexus
15.5%
cingulate gyrus
15%
mammillary body
13.6%
calcarine sulcus
8.2%

You're not logged in!

Compare scores with friends on all Sporcle quizzes.
Join for Free
OR
Log In

You Might Also Like...

Show Comments

Extras

Top Quizzes Today


Score Distribution

Your Account Isn't Verified!

In order to create a playlist on Sporcle, you need to verify the email address you used during registration. Go to your Sporcle Settings to finish the process.

Report this User

Report this user for behavior that violates our Community Guidelines.

Details: